000 00851cam a2200253 a 4500
001 579673
005 20250221193933.0
008 900123s1990 vaua b 001 0 eng c
020 _a0881676233
050 1 0 _aRD595
_b.T47 1990
082 0 0 _a617.4/83
_220
100 1 _aTerzis, Julia K.
245 1 4 _aThe peripheral nerve :
_bstructure, function, and reconstruction /
_cJulia K. Terzis, Kevin L. Smith.
260 _aNorfolk, Va. :
_bHampton Press ;
_aNew York :
_bRaven Press,
_cc1990.
300 _axv, 176 p. :
_bill. ;
_c26 cm.
650 0 _aNerves, Peripheral
_xWounds and injuries
_xSurgery.
650 0 _aSurgery, Plastic.
650 2 _aNerve Regeneration.
650 2 _aPeripheral Nerves
_xcytology.
650 2 _aPeripheral Nerves
_xinjuries.
650 2 _aPeripheral Nerves
_xphysiology.
700 1 _aSmith, Kevin L.
942 _2lcc
_cBK
_n0
999 _c4068
_d4068